Normal view
MARC view
- SARTRE, JEAN-PAUL,
Entry Nombre Personal
001 - NUMERO DE CONTROL
- campo de control: 8434
003 - IDENTIFICADOR DE NUMERO DE CONTROL
- campo de control: UPN
005 - FECHA Y HORA DE LA ÜLTIMA TRANSACCIÓN
- campo de control: 20210219193726.0
008 - DATOS DE LONGITUD FIJA
- campo de control de longitud fija: nabaccnnaabn|||||||||| b |nc|||||d
035 ## - NUMERO DE CONTROL
- Número de control: UPN10000008440
040 ## - FUENTE DE CATALOGACIÓN
- Lenguaje de catalogación: SPA
- Agencia de transcripción: UPN
100 1# - ENCABEZAMIENTO - NOMBRE PERSONAL
- Nombre personal: SARTRE, JEAN-PAUL,
- Fechas asociadas con el nombre: 1905-1980 -
- Subdivisión de forma: ENTREVISTAS
670 ## - FUENTE EN LA QUE SE LOCALIZARON DATOS
- Cita de la fuente: LC
- Información localizada: Sartre, Jean-Paul, 1905-1980 - Interviews
902 ## - CATALOGADOR
- Catalogador: MCM/051207
